Hepatitis C, The Silent Epidemic The Authoritative Guide (Record no. 751)

000 -LEADER
fixed length control field 00630nam a22002297a 4500
003 - CONTROL NUMBER IDENTIFIER
control field OSt
005 - DATE AND TIME OF LATEST TRANSACTION
control field 20210422051207.0
008 - FIXED-LENGTH DATA ELEMENTS--GENERAL INFORMATION
fixed length control field 201221s1999 ||||| |||| 00| 0 eng d
020 ## - INTERNATIONAL STANDARD BOOK NUMBER
International Standard Book Number 0306460122
040 ## - CATALOGING SOURCE
Original cataloging agency eng
Language of cataloging eng
Transcribing agency DLC
041 ## - LANGUAGE CODE
Language code of text/sound track or separate title eng
080 ## - UNIVERSAL DECIMAL CLASSIFICATION NUMBER
Universal Decimal Classification number 61
Item number A-85
100 ## - MAIN ENTRY--PERSONAL NAME
9 (RLIN) 574
Personal name Askari, K. Fred
245 ## - TITLE STATEMENT
Title Hepatitis C, The Silent Epidemic The Authoritative Guide
260 ## - PUBLICATION, DISTRIBUTION, ETC.
Place of publication, distribution, etc. New York
Name of publisher, distributor, etc. Kluwer Academic / Plenum Publishers
Date of publication, distribution, etc. 1999
300 ## - PHYSICAL DESCRIPTION
Extent 215 p.
Other physical details ill.
365 ## - TRADE PRICE
Price amount 25.95 usd
650 #0 - SUBJECT ADDED ENTRY--TOPICAL TERM
9 (RLIN) 69
Topical term or geographic name entry element Medicine
653 ## - INDEX TERM--UNCONTROLLED
Uncontrolled term მედიცინა
700 ## - ADDED ENTRY--PERSONAL NAME
9 (RLIN) 575
Personal name Cutler, S. Daniel
Relator term Illustrator
942 ## - ADDED ENTRY ELEMENTS (KOHA)
Source of classification or shelving scheme
Koha item type Books
Holdings
Withdrawn status Lost status Source of classification or shelving scheme Damaged status Not for loan Permanent location Current location Date acquired Inventory number Total Checkouts Full call number Barcode Date last seen Price effective from Koha item type
          Ken Walker International University Ken Walker International University 12/21/2020 2122   61 A-85 2122 12/21/2020 12/21/2020 Books

Powered by Koha